Animaux par images A-Z (Facile) - Statistiques

Statistiques générales
  • Ce quiz a été pris 134 fois
  • Le résultat moyen est 20 sur 22
Statistiques - réponses
Par images Réponse % Correct
Chat
100%
Âne
99%
Éléphant
99%
Dauphin
98%
Girafe
98%
Koala
98%
Hippopotame
97%
Loup
97%
Mouton
97%
Panda
97%
Tigre
97%
Baleine
96%
Ours
96%
Renard
96%
Vache
96%
Zèbre
96%
Souris
94%
Jaguar
92%
Narval
79%
Fennec
78%
Yack
70%
Impala
42%
Aucun quiz correspondant
Distribution des résultats
% des personnes avec chaque résultat
Percentile par nombre de réponses
Votre historique - résultats
Vous n’avez pas pris ce quiz